Súčasný stav a budúcnosť kódovania tovaru

Čiarový kód ako základ súčasného systému automatickej identifikácie. Technológia RFID (Radio Frequency Identification). Praktické aplikácie systému RFID. Výhody a prognózy.

Saved in:
Bibliographic Details
Main Author: Kačeňák, Igor
Format: Book Chapter
Language:Slovak
Subjects:
Tags: Add Tag
No Tags, Be the first to tag this record!

MARC

LEADER 00000naa$a2200000$$$4500
001 0053300
005 20240502071621.0
041 0 |a slo 
044 |a SK 
245 1 0 |a Súčasný stav a budúcnosť kódovania tovaru  |c Igor Kačeňák 
520 |a Čiarový kód ako základ súčasného systému automatickej identifikácie. Technológia RFID (Radio Frequency Identification). Praktické aplikácie systému RFID. Výhody a prognózy. 
610 2 0 |a kódy čiarové 
610 2 0 |a kódovanie 
610 2 0 |a informácie obchodno-ekonomické 
610 2 0 |a identifikácia automatická 
610 2 0 |a obchod 
100 1 |a Kačeňák, Igor